000 00279nam a2200121 a 4500
008 101021s1982|||| d
100 1 _aKalinovská, Dina
245 1 0 _aAch, tá Sobota !
260 _bTatran
_aBratislava
_c1982
041 _aslo
020 _c16
044 _axo
_cSK
999 _c11921
_d11921